Imaginarios y representaciones, Bogotá : 1950-2000 : (Registro nro. 79471)
[ vista simple ]
| 000 -LEADER | |
|---|---|
| campo de control de longitud fija | 02646nam a2200433 i 4500 |
| 001 - NÚMERO DE CONTROL | |
| campo de control | 79471 |
| 003 - IDENTIFICADOR DE NÚMERO DE CONTROL | |
| campo de control | 0 |
| 005 - FECHA Y HORA DE LA ÚLTIMA TRANSACCIÓN | |
| campo de control | 20241217151543.0 |
| 006 - CÓDIGOS DE INFORMACIÓN DE LONGITUD FIJA--CARACTERÍSTICAS DEL MATERIAL ADICIONAL | |
| campo de control de longitud fija | m o u |
| 007 - CAMPO FIJO DE DESCRIPCIÓN FÍSICA--INFORMACIÓN GENERAL | |
| campo de control de longitud fija | cr cn||||||||| |
| 008 - DATOS DE LONGITUD FIJA--INFORMACIÓN GENERAL | |
| campo de control de longitud fija | 220519s2017 ck a fo 000 0 spa d |
| 020 ## - NÚMERO INTERNACIONAL ESTÁNDAR DEL LIBRO | |
| Número Internacional Estándar del Libro | 9789588934600 |
| Información calificativa | (digital) |
| 020 ## - NÚMERO INTERNACIONAL ESTÁNDAR DEL LIBRO | |
| ISBN cancelado o inválido | 9789588934600 |
| Información calificativa | (impreso) |
| 035 ## - NÚMERO DE CONTROL DEL SISTEMA | |
| Número de control de sistema | (OCoLC)1319769121 |
| 040 ## - FUENTE DE CATALOGACIÓN | |
| Centro catalogador/agencia de origen | FINmELB |
| Lengua de catalogación | spa |
| Normas de descripción | rda |
| Centro/agencia transcriptor | FINmELB |
| 050 #4 - SIGNATURA TOPOGRÁFICA DE LA BIBLIOTECA DEL CONGRESO | |
| Número de clasificación | NA9170.B6 |
| Número de ítem | P338 2017 |
| 082 04 - NÚMERO DE LA CLASIFICACIÓN DECIMAL DEWEY | |
| Número de clasificación | 720.8614 |
| Información de edición | 23 |
| 100 1# - ENTRADA PRINCIPAL--NOMBRE DE PERSONA | |
| Nombre de persona | Pérgolis, Juan Carlos, |
| Término indicativo de función/relación | autor. |
| 245 10 - MENCIÓN DEL TÍTULO | |
| Título | Imaginarios y representaciones, Bogotá : 1950-2000 : |
| Resto del título | forma urbana y vida cotidiana / |
| Mención de responsabilidad, etc. | Juan Carlos Pérgolis y Clara Inés Rodríguez Ibarra ; corrección de estilo Gustavo Patiño Díaz. |
| 264 #1 - PRODUCCIÓN, PUBLICACIÓN, DISTRIBUCIÓN, FABRICACIÓN Y COPYRIGHT | |
| Producción, publicación, distribución, fabricación y copyright | Bogotá : |
| Nombre del de productor, editor, distribuidor, fabricante | Universidad Católica de Colombia, |
| Fecha de producción, publicación, distribución, fabricación o copyright | 2017. |
| 300 ## - DESCRIPCIÓN FÍSICA | |
| Extensión | 1 recurso en línea (106 páginas) : |
| Otras características físicas | ilustraciones, fotografías a color |
| 336 ## - TIPO DE CONTENIDO | |
| Término de tipo de contenido | texto |
| Código de tipo de contenido | txt |
| Fuente | rdacontent/spa |
| 337 ## - TIPO DE MEDIO | |
| Nombre/término del tipo de medio | computadora |
| Código del tipo de medio | c |
| Fuente | rdamedia/spa |
| 338 ## - TIPO DE SOPORTE | |
| Nombre/término del tipo de soporte | recurso en línea |
| Código del tipo de soporte | cr |
| Fuente | rdacarrier/spa |
| 505 0# - NOTA DE CONTENIDO CON FORMATO | |
| Nota de contenido con formato | Marco teórico y selección de libros y autores. Las condiciones de partida: la ciudad colombiana en años anteriores a 1980. La reacción a la ciudad moderna en los años ochenta: una década de reflexión. La madurez de la ciudad en la década de 1990: conceptos, formas, usos y significaciones de lo público. |
| 520 ## - RESUMEN, ETC. | |
| Sumario, etc. | Entre 1950 y fines del siglo XX, Bogotá y las ciudades colombianas vivieron profundos cambios; este libro intenta mirar cómo cambiaron esas ciudades y cómo cambio la representación que de ellas tuvieron sus habitantes en los diferentes momentos. |
| 520 ## - RESUMEN, ETC. | |
| Sumario, etc. | Existe una estrecha relación entre las formas del espacio urbano con los usos y significados que los ciudadanos dan a esos espacios: Cómo los representan en su vida diaria, cómo los relatan, cómo es la ciudad en la imaginación de sus habitantes, eso es lo que hoy llamamos “el imaginario”.. |
| 588 ## - NOTA DE FUENTE DE LA DESCRIPCIÓN | |
| Nota de fuente de la descripción | Descripción basada en metadatos suministrados por el editor y otras fuentes. |
| 590 ## - NOTA LOCAL (RLIN) | |
| Nota local | Recurso electrónico. Santa Fe, Arg.: elibro, 2022. Disponible vía World Wide Web. El acceso puede estar limitado para las bibliotecas afiliadas a elibro. |
| 650 #0 - PUNTO DE ACCESO ADICIONAL DE MATERIA--TÉRMINO DE MATERIA | |
| Término de materia o nombre geográfico como elemento de entrada | City planning |
| Subdivisión geográfica | Colombia |
| -- | Bogotá. |
| 650 #4 - PUNTO DE ACCESO ADICIONAL DE MATERIA--TÉRMINO DE MATERIA | |
| Término de materia o nombre geográfico como elemento de entrada | Arquitectura bogotana |
| Subdivisión cronológica | 1950 - 2002. |
| 650 #4 - PUNTO DE ACCESO ADICIONAL DE MATERIA--TÉRMINO DE MATERIA | |
| Término de materia o nombre geográfico como elemento de entrada | Arquitectura bogotana |
| Subdivisión general | Historia |
| Subdivisión cronológica | 1950 - 2002. |
| 650 #4 - PUNTO DE ACCESO ADICIONAL DE MATERIA--TÉRMINO DE MATERIA | |
| Término de materia o nombre geográfico como elemento de entrada | Urbanismos |
| Subdivisión geográfica | Bogotá |
| Subdivisión general | Historia |
| Subdivisión cronológica | 1950 - 2002. |
| 700 1# - ENTRADA AGREGADA--NOMBRE PERSONAL | |
| Nombre de persona | Patiño Díaz, Gustavo, corrección de estilo. |
| 700 1# - ENTRADA AGREGADA--NOMBRE PERSONAL | |
| Nombre de persona | Rodríguez-Ibarra, Clara Inés. |
| 797 2# - PUNTO DE ACCESO ADICIONAL LOCAL--NOMBRE DE ENTIDAD CORPORATIVA (RLIN) | |
| Nombre de entidad corporativa o nombre de jurisdicción como elemento de entrada | elibro, Corp. |
| 856 40 - LOCALIZACIÓN Y ACCESO ELECTRÓNICOS | |
| Identificador Uniforme de Recurso | <a href="https://elibro.net/ereader/politecnicointernacional/197039">https://elibro.net/ereader/politecnicointernacional/197039</a> |
| 942 ## - ELEMENTOS DE ENTRADA SECUNDARIOS (KOHA) | |
| Tipo de ítem Koha | |
No hay ítems disponibles.